| 000 | 01018nam a22002657a 4500 | ||
|---|---|---|---|
| 999 |
_c64019 _d64019 |
||
| 005 | 20240530110710.0 | ||
| 008 | 180130s2015 ua g b 000 p ara d | ||
| 017 |
_a2015/2331 _bمصر. دار الكتب |
||
| 020 | _a9789774991691 | ||
| 040 |
_aEG-CaGPL _cEG-CaGPL |
||
| 082 | 0 | 4 |
_221 _a811.009 / _bز ت |
| 100 | 0 | _aزينب فرغلى حافظ | |
| 245 | 1 | 2 |
_aالتشكلات الجمالية والدلالية فى الخطاب الشعرى / _cزينب فرغلى حافظ |
| 250 | _aط. 1 | ||
| 260 |
_aالقاهرة : _bرؤية للنشر و التوزيع، _c2015. |
||
| 300 |
_a357 ص. ؛ _c24 سم. |
||
| 504 | _aيشتمل على ارجاعات ببليوجرافية | ||
| 650 | 0 | 7 |
_2qrmak _aالادب العربى |
| 650 | 0 | 7 |
_2qrmak _aالشعر العربى |
| 650 | 0 | 7 |
_2qrmak _aالشعر العربى _xتاريخ ونقد |
| 650 | 0 | 7 |
_2qrmak _aالشعر العربى _xدواوين وقصائد |
| 651 | _2qrmak | ||
| 942 |
_2ddc _cBK |
||